[Event "111th YMCA Autumn A"]
[Site "Warszawa"]
[Date "2012.10.11"]
[Round "4"]
[White "Szefer, Michal"]
[Black "Bernacki, Gabriel"]
[Result "1-0"]
[WhiteElo "1981"]
[BlackElo "1920"]
[PlyCount "95"]
[EventDate "2012.09.20"]
[EventType "tourn"]
[EventRounds "1"]
[EventCountry "POL"]
[SourceDate "2012.09.20"]

1. e4 c5 2. Nf3 Nc6 3. d4 cxd4 4. Nxd4 e5 5. Nb5 d6 6. N1c3 a6 7. Na3 Be6 8.
Nc4 Bxc4 9. Bxc4 b5 10. Bxf7+ Kxf7 11. Qd5+ Kg6 12. Qxc6 Nf6 13. O-O Be7 14. f4
Qb8 15. Nd5 Ra7 16. Be3 Rc8 17. Bxa7 Qxa7+ 18. Qb6 Qxb6+ 19. Nxb6 Rxc2 20. Nd5
Bd8 21. f5+ Kf7 22. Nxf6 Bb6+ 23. Kh1 Kxf6 24. a4 Rxb2 25. Rab1 Re2 26. Rfe1
Rxe1+ 27. Rxe1 Bc5 28. axb5 axb5 29. Rf1 b4 30. h4 Bd4 31. Rb1 Bc3 32. g4 h6
33. Kg2 g6 34. fxg6 Kxg6 35. Kf1 Kf6 36. Ke2 Ke6 37. Kd3 d5 38. Rf1 Bd4 39. g5
hxg5 40. h5 g4 41. h6 g3 42. h7 g2 43. Rb1 g1=Q 44. Rxg1 dxe4+ 45. Kxe4 Bxg1
46. h8=Q Bd4 47. Qh6+ Kd7 48. Kd5 1-0

[Event "111th YMCA Autumn A"]
[Site "Warszawa"]
[Date "2012.10.11"]
[Round "4"]
[White "Szwaj, Jacek"]
[Black "Sielicki, Tomasz"]
[Result "1/2-1/2"]
[WhiteElo "1925"]
[BlackElo "2011"]
[PlyCount "31"]
[EventDate "2012.09.20"]
[EventType "tourn"]
[EventRounds "1"]
[EventCountry "POL"]
[SourceDate "2012.09.20"]

1. e4 e5 2. Nf3 Nc6 3. Bb5 a6 4. Ba4 Nf6 5. d3 b5 6. Bb3 Bc5 7. Nc3 h6 8. Nd5
d6 9. O-O Na5 10. c3 Nxb3 11. Qxb3 Nxd5 12. Qxd5 Be6 13. Qc6+ Bd7 14. Qd5 Be6
15. Qc6+ Bd7 16. Qd5 1/2-1/2

[Event "111th YMCA Autumn A"]
[Site "Warszawa"]
[Date "2012.10.11"]
[Round "4"]
[White "Safanowski, Tomasz"]
[Black "Rozowski, Marcin"]
[Result "1-0"]
[WhiteElo "1912"]
[BlackElo "1926"]
[PlyCount "83"]
[EventDate "2012.09.20"]
[EventType "tourn"]
[EventRounds "1"]
[EventCountry "POL"]
[SourceDate "2012.09.20"]

1. c4 c6 2. g3 d5 3. d4 Nf6 4. Bg2 Bf5 5. Nc3 e6 6. Nf3 Be7 7. Bf4 Nbd7 8. O-O
O-O 9. Qb3 Qb6 10. c5 Qa6 11. Rfc1 b6 12. Qa4 Qxa4 13. Nxa4 bxc5 14. dxc5 Ne4
15. Nd4 Rfc8 16. Nxf5 exf5 17. Rc2 g5 18. Be3 h6 19. f3 Nef6 20. Bd4 Rab8 21.
b3 Kg7 22. e4 Kg6 23. exf5+ Kxf5 24. Re1 Re8 25. Rce2 Rb4 26. Bc3 Rxa4 27. Rxe7
Rxe7 28. Rxe7 Rxa2 29. Bh3+ g4 30. Bxg4+ Nxg4 31. fxg4+ Kxg4 32. Rxd7 Rc2 33.
Bd4 f5 34. Rxa7 Kf3 35. Ra1 Rg2+ 36. Kh1 Rd2 37. Rf1+ Ke4 38. Rf4+ Kd3 39. Bg1
Kc3 40. Rxf5 d4 41. Rf6 Re2 42. Bxd4+ 1-0

[Event "111th YMCA Autumn A"]
[Site "Warszawa"]
[Date "2012.10.11"]
[Round "4"]
[White "Sujkowski, Pawel"]
[Black "Rytarowski, Kamil"]
[Result "1/2-1/2"]
[WhiteElo "1992"]
[BlackElo "1993"]
[Annotator "Admin"]
[PlyCount "72"]
[EventDate "2012.09.20"]
[EventType "tourn"]
[EventRounds "1"]
[EventCountry "POL"]
[SourceDate "2012.09.20"]

1. d4 Nf6 2. Nf3 g6 3. c4 Bg7 4. Nc3 c5 5. d5 O-O 6. e4 d6 7. h3 e6 8. Bd3 exd5
9. cxd5 Re8 10. O-O c4 11. Bc2 b5 12. Re1 Ba6 13. a3 Nbd7 14. Nd4 Qb6 15. Be3
Nc5 16. f3 Nfd7 17. f4 Nf6 18. Bf2 Nh5 19. Be3 Nxf4 20. Nf3 Nh5 21. Qd2 Qc7 22.
Bd4 Nf6 23. e5 $11 Nfd7 24. e6 fxe6 25. Bxg7 Kxg7 26. dxe6 Nxe6 27. Rad1 Nb6
28. Qxd6 Qxd6 29. Rxd6 Ng5 30. Rf1 Nxf3+ 31. Rxf3 Re1+ 32. Kh2 Rae8 33. Rff6
R8e7 34. Rf4 Rc1 35. Be4 Re5 36. Rc6 Re7 $11 1/2-1/2

[Event "111th YMCA Autumn A"]
[Site "Warszawa"]
[Date "2012.10.18"]
[Round "5"]
[White "Rytarowski, Kamil"]
[Black "Grabowicz, Marcin"]
[Result "0-1"]
[WhiteElo "1993"]
[BlackElo "1895"]
[PlyCount "70"]
[EventDate "2012.09.20"]
[EventType "tourn"]
[EventRounds "1"]
[EventCountry "POL"]
[SourceDate "2012.09.20"]

1. e4 d5 2. d4 c6 3. e5 Bf5 4. Be3 e6 5. c3 Nd7 6. Ne2 Ne7 7. Ng3 Bg6 8. h4 Nf5
9. Nxf5 Bxf5 10. Nd2 h6 11. Be2 Be7 12. g4 Bg6 13. h5 Bh7 14. Nf3 Be4 15. Bd3
Bxf3 16. Qxf3 Qb6 17. O-O-O c5 18. Kb1 a5 19. Qe2 c4 20. Bc2 a4 21. Ka1 a3 22.
b3 Qa5 23. Qd2 cxb3 24. Bxb3 b5 25. f4 Nb6 26. f5 Rc8 27. Rc1 Nc4 28. Bxc4 Rxc4
29. f6 gxf6 30. Bxh6 Rxh6 31. Qxh6 Rxc3 32. Rb1 Qa4 33. Qd2 Qc4 34. Rb3 Bb4 35.
Rhb1 Rxb3 0-1

[Event "111th YMCA Autumn A"]
[Site "Warszawa"]
[Date "2012.10.19"]
[Round "5"]
[White "Rozowski, Marcin"]
[Black "Sujkowski, Pawel"]
[Result "1/2-1/2"]
[WhiteElo "1926"]
[BlackElo "1992"]
[Annotator "Admin"]
[PlyCount "72"]
[EventDate "2012.09.20"]
[EventType "tourn"]
[EventRounds "1"]
[EventCountry "POL"]
[SourceDate "2012.09.20"]

1. e4 e6 2. d4 d5 3. e5 c5 4. c3 Qb6 5. Nf3 Nc6 6. a3 cxd4 7. cxd4 Nh6 8. Bxh6
Qxb2 9. Nbd2 gxh6 10. Be2 a6 11. Nb3 Qc3+ 12. Kf1 Na5 13. Nxa5 Qxa5 14. Qb3 Rb8
15. g3 Bd7 16. Kg2 Ba4 17. Qb2 Bc6 18. Rhb1 Rc8 19. Nd2 Be7 20. Nb3 Qd8 21. Rc1
O-O 22. Nc5 Bxc5 23. Rxc5 f6 24. f4 fxe5 25. fxe5 Qg5 26. Rf1 Rxf1 27. Bxf1 Qe3
28. Qc3 Qe4+ 29. Kg1 Rf8 30. Bg2 Qb1+ 31. Qc1 Qxc1+ 32. Rxc1 Kf7 33. Bf1 a5 34.
Kf2 Ke7+ 35. Ke3 Kd7 36. Bd3 Rf7 $11 1/2-1/2

[Event "111th YMCA Autumn A"]
[Site "Warszawa"]
[Date "2012.10.18"]
[Round "5"]
[White "Sielicki, Tomasz"]
[Black "Safanowski, Tomasz"]
[Result "0-1"]
[WhiteElo "2011"]
[BlackElo "1912"]
[PlyCount "100"]
[EventDate "2012.09.20"]
[EventType "tourn"]
[EventRounds "1"]
[EventCountry "POL"]
[SourceDate "2012.09.20"]

1. d4 d5 2. c4 dxc4 3. Nf3 Nf6 4. Nc3 e6 5. e4 Bb4 6. e5 Nd5 7. Bd2 Bxc3 8.
bxc3 b5 9. a4 c6 10. Be2 Nd7 11. Qc2 N7b6 12. a5 Na4 13. Bxc4 Naxc3 14. Bxc3
bxc4 15. O-O O-O 16. Bb2 Ba6 17. Ba3 Re8 18. Bd6 f5 19. Rfe1 c3 20. g3 Kf7 21.
h4 h6 22. Kg2 g5 23. hxg5 hxg5 24. Rh1 g4 25. Nh4 Qg5 26. Qc1 Qxc1 27. Raxc1
Bd3 28. f3 gxf3+ 29. Kf2 Rh8 30. Nxf3 Kg6 31. Nh4+ Kg7 32. Ng2 Be4 33. Rh4 a6
34. Ne3 Nxe3 35. Kxe3 Rxh4 36. gxh4 c2 37. Kd2 Kf7 38. Kc3 Rh8 39. Ba3 Rxh4 40.
Kc4 Rh3 41. Bb4 f4 42. Bd2 f3 43. Be3 Rh2 44. Kc3 Re2 45. Bg1 Kg6 46. Rf1 f2
47. Bxf2 Rxf2 48. Rg1+ Kf5 49. Kb2 Bd3 50. Kc3 Rf1 0-1

[Event "111th YMCA Autumn A"]
[Site "Warszawa"]
[Date "2012.10.30"]
[Round "5"]
[White "Bernacki, Gabriel"]
[Black "Szwaj, Jacek"]
[Result "1/2-1/2"]
[WhiteElo "1920"]
[BlackElo "1925"]
[Annotator "Admin"]
[PlyCount "108"]
[EventDate "2012.09.20"]
[EventType "tourn"]
[EventRounds "1"]
[EventCountry "POL"]
[SourceDate "2012.09.20"]

1. d4 Nf6 2. c4 e6 3. Nc3 Bb4 4. e3 d5 5. Nf3 O-O 6. Bd3 c5 7. O-O Nc6 8. a3
Bxc3 9. bxc3 dxc4 10. Bxc4 Qc7 11. Bb5 a6 12. Be2 Rd8 13. Qc2 e5 14. Rd1 Bg4
15. dxe5 Nxe5 16. c4 Nxf3+ 17. gxf3 Bh5 18. Bb2 Bg6 19. Qc3 Qc6 20. a4 b6 21.
e4 Rxd1+ 22. Bxd1 Rd8 23. Bb3 Nh5 24. Re1 Qe6 25. a5 f6 26. Bc1 Rd4 27. axb6
Qxb6 28. Be3 Rd8 29. Ra1 Rb8 30. Bd1 Qd6 31. Qd2 Qb6 32. Qd5+ Bf7 33. Qxc5 Qxc5
34. Bxc5 Bxc4 35. f4 Nxf4 36. Bd6 Nh3+ 37. Kg2 Rd8 38. Be7 Rd3 39. Rc1 Nf4+ 40.
Kg1 Kf7 41. Bc5 Be6 42. Be3 Ng6 43. Be2 Rb3 44. Bxa6 Ne5 45. Be2 $11 Bg4 46.
Bc4+ Nxc4 47. Rxc4 Bf3 48. h3 h5 49. Kh2 h4 50. e5 g5 51. exf6 Rb1 52. Bc1 Kxf6
53. Rc3 Kg6 54. Rc5 Kh7 $11 1/2-1/2

[Event "111th YMCA Autumn A"]
[Site "Warszawa"]
[Date "2012.10.18"]
[Round "5"]
[White "Pastuszko, Kinga"]
[Black "Szefer, Michal"]
[Result "0-1"]
[WhiteElo "1895"]
[BlackElo "1981"]
[PlyCount "92"]
[EventDate "2012.09.20"]
[EventType "tourn"]
[EventRounds "1"]
[EventCountry "POL"]
[SourceDate "2012.09.20"]

1. e4 c5 2. Nf3 Nc6 3. d4 cxd4 4. Nxd4 e5 5. Nb5 d6 6. N1c3 a6 7. Na3 b5 8. Nd5
Nge7 9. c4 Nd4 10. Nxe7 Bxe7 11. cxb5 O-O 12. Bd3 d5 13. Nc2 axb5 14. Nxd4 exd4
15. O-O dxe4 16. Bxe4 Ra6 17. Bf4 Be6 18. a3 f5 19. Bd3 Bc4 20. b3 Bxd3 21.
Qxd3 Qd5 22. Rfd1 Bf6 23. a4 Rfa8 24. Rdc1 Qe4 25. Qd2 bxa4 26. bxa4 Rxa4 27.
Rxa4 Rxa4 28. Rc8+ Kf7 29. Qd1 Kg6 30. h4 Ra6 31. h5+ Kf7 32. Qb3+ Re6 33. Rc7+
Be7 34. Bd6 Kf6 35. Bxe7+ Rxe7 36. Qb6+ Re6 37. Qc5 Qe1+ 38. Kh2 Qe5+ 39. Qxe5+
Kxe5 40. Rxg7 d3 41. Rd7 Rd6 42. Re7+ Kd4 43. Re1 d2 44. Rd1 Kd3 45. Kg3 Ke2
46. Ra1 Rd4 0-1

[Event "111th YMCA Autumn A"]
[Site "Warszawa"]
[Date "2012.10.18"]
[Round "5"]
[White "Rozycki, Bartlomiej"]
[Black "Chomczyk, Marek"]
[Result "0-1"]
[WhiteElo "1943"]
[BlackElo "1876"]
[Annotator "Admin"]
[PlyCount "98"]
[EventDate "2012.09.20"]
[EventType "tourn"]
[EventRounds "1"]
[EventCountry "POL"]
[SourceDate "2012.09.20"]

1. e4 e5 2. Nf3 Nc6 3. c3 Nf6 4. d4 exd4 5. e5 Nd5 6. cxd4 Bb4+ 7. Nbd2 O-O 8.
Bb5 d6 9. O-O Bg4 10. Nc4 Nb6 11. Ne3 Bxf3 12. Qxf3 Nxd4 13. Qg4 dxe5 14. Bd3
Re8 15. Rd1 Bf8 16. Be4 c6 17. Nf5 Qc7 18. Nxd4 exd4 19. Rxd4 Qe5 20. Bd3 Bc5
21. Re4 Qf6 22. Qf3 Qxf3 23. gxf3 Red8 24. Bc2 Nd5 25. Bd2 Nf6 26. Re2 Nd5 27.
Re4 $11 g6 28. Bb3 Kg7 29. Rae1 Rd7 30. a3 Rad8 31. R4e2 Bd4 32. Bc1 a5 33. a4
b5 34. Bd2 b4 35. Bc1 Nb6 36. Re7 Bf6 37. Rxd7 Rxd7 38. Be3 Bd4 39. Bxd4+ Rxd4
40. Re7 Rf4 41. Kg2 c5 42. Kg3 Rf5 43. Rb7 c4 44. Rxb6 cxb3 45. Rb5 Kf6 46.
Rb6+ Ke5 47. f4+ Ke4 48. Rd6 Rc5 49. Ra6 Kd3 0-1

[Event "111th YMCA Autumn A"]
[Site "Warszawa"]
[Date "2012.10.19"]
[Round "5"]
[White "Harazinska, Ewa"]
[Black "Rusin, Ryszard"]
[Result "1-0"]
[WhiteElo "2009"]
[BlackElo "1914"]
[PlyCount "95"]
[EventDate "2012.09.20"]
[EventType "tourn"]
[EventRounds "1"]
[EventCountry "POL"]
[SourceDate "2012.09.20"]

1. d4 d5 2. c4 e6 3. Nc3 Nf6 4. cxd5 exd5 5. Bg5 c6 6. Qc2 Na6 7. a3 Nc7 8. e3
Be7 9. Bd3 Bg4 10. Nge2 Ne6 11. Bh4 Bh5 12. Ng3 g5 13. Nxh5 Nxh5 14. Bg3 Nxg3
15. hxg3 h5 16. O-O-O b5 17. a4 a6 18. Be2 h4 19. f4 gxf4 20. gxf4 Qb6 21. a5
Qd8 22. Kb1 Rb8 23. Na2 Qd6 24. b4 Ng7 25. Bg4 Kd8 26. Kb2 f5 27. Bxf5 Qf6 28.
Bg4 c5 29. bxc5 b4 30. Qb3 Bxc5 31. Qxd5+ Bd6 32. Rc1 Ke7 33. Qe4+ Kf7 34. Rc6
Rb5 35. Be2 Re8 36. Bc4+ Kf8 37. Qh7 Rxe3 38. Rxd6 Re2+ 39. Bxe2 Qxd6 40. Qh8+
Kf7 41. Bc4+ Ne6 42. Bxb5 axb5 43. Rxh4 b3 44. Rh7+ Kg6 45. Qg8+ Kf5 46. Qf7+
Ke4 47. Nc3+ Ke3 48. Rh6 1-0

[Event "111th YMCA Autumn A"]
[Site "Warszawa"]
[Date "2012.10.25"]
[Round "6"]
[White "Grabowicz, Marcin"]
[Black "Rusin, Ryszard"]
[Result "1-0"]
[WhiteElo "1895"]
[BlackElo "1914"]
[PlyCount "53"]
[EventDate "2012.09.20"]
[EventType "tourn"]
[EventRounds "1"]
[EventCountry "POL"]
[SourceDate "2012.09.20"]

1. e4 e5 2. Nf3 Nf6 3. Nxe5 Qe7 4. d4 Nxe4 5. Be2 d5 6. O-O g6 7. Nc3 Nxc3 8.
bxc3 Bg7 9. Bf3 c6 10. Re1 Be6 11. a4 Nd7 12. Ba3 Qd8 13. Nd3 Qf6 14. Qb1 O-O-O
15. a5 Bf8 16. Qb2 Kc7 17. Bxf8 Rhxf8 18. Rab1 Rb8 19. Ne5 Bf5 20. c4 dxc4 21.
Nxc4 Be6 22. Ne3 Rfc8 23. c4 Bf5 24. Rbd1 b6 25. Qd2 Qd6 26. g4 Qf4 27. Nd5+
1-0

[Event "111th YMCA Autumn A"]
[Site "Warszawa"]
[Date "2012.11.02"]
[Round "6"]
[White "Szefer, Michal"]
[Black "Rozycki, Bartlomiej"]
[Result "1/2-1/2"]
[WhiteElo "1981"]
[BlackElo "1943"]
[Annotator "Admin"]
[PlyCount "70"]
[EventDate "2012.09.20"]
[EventType "tourn"]
[EventRounds "1"]
[EventCountry "POL"]
[SourceDate "2012.09.20"]

1. e4 e5 2. f4 exf4 3. Nf3 h6 4. b3 d5 5. exd5 Nf6 6. Nc3 Bd6 7. Bb5+ Bd7 8.
Qe2+ Qe7 9. Qxe7+ Kxe7 10. Bc4 Re8 11. O-O Bf5 12. Re1+ Kf8 13. Rxe8+ Kxe8 14.
Nb5 Nbd7 15. Nxd6+ cxd6 16. Nd4 Bh7 17. Nb5 Ke7 18. Ba3 Nc5 19. Re1+ Kd7 20.
Nxd6 Kxd6 21. d4 b6 22. dxc5+ bxc5 23. b4 Nd7 24. Bb5 cxb4 25. Bxb4+ Nc5 26. c4
Bd3 27. Rd1 Be4 28. Ba3 g5 29. Rd2 a6 30. Ba4 Rb8 31. Bc2 f5 32. Re2 Re8 33.
Bb1 h5 34. Rb2 Rc8 35. Bc2 Ke5 $11 1/2-1/2

[Event "111th YMCA Autumn A"]
[Site "Warszawa"]
[Date "2012.10.25"]
[Round "6"]
[White "Szwaj, Jacek"]
[Black "Pastuszko, Kinga"]
[Result "1-0"]
[WhiteElo "1925"]
[BlackElo "1895"]
[PlyCount "189"]
[EventDate "2012.09.20"]
[EventType "tourn"]
[EventRounds "1"]
[EventCountry "POL"]
[SourceDate "2012.09.20"]

1. e4 c5 2. Nf3 d6 3. d4 cxd4 4. Nxd4 Nf6 5. Nc3 a6 6. Bg5 e6 7. f4 h6 8. Bxf6
Qxf6 9. Qd2 Be7 10. O-O-O O-O 11. g4 Nc6 12. Nxc6 bxc6 13. h4 e5 14. f5 Bb7 15.
Bc4 Rfd8 16. Qg2 Rac8 17. g5 hxg5 18. Rdg1 g4 19. Qxg4 d5 20. Bb3 d4 21. Qh5 c5
22. Rg6 c4 23. Rxf6 Bxf6 24. Nd5 Bxd5 25. exd5 cxb3 26. axb3 Rxd5 27. Qf3 Rdc5
28. Rh2 R8c6 29. Kb1 Kf8 30. Qd3 Ke7 31. Qe4 Kd6 32. Rg2 Ke7 33. h5 Kd6 34. Qg4
Ke7 35. Re2 Kf8 36. Qg2 a5 37. Qg4 Rc7 38. Rg2 Ke7 39. Qe4 R7c6 40. Qe1 Rb6 41.
Rd2 Kf8 42. Rd3 Rbc6 43. c4 a4 44. bxa4 Rxc4 45. a5 Bd8 46. Qxe5 Rc1+ 47. Ka2
R1c5 48. Qxd4 Rxa5+ 49. Kb1 Be7 50. Qe4 Rac5 51. Rd1 Bf6 52. Re1 Rc8 53. Qb7
Kg8 54. Rd1 Rc2 55. Rd2 R2c7 56. Qg2 Rc1+ 57. Ka2 R8c6 58. Qe2 Rc8 59. Qe4 R8c7
60. Qa4 Rc8 61. Re2 Kh7 62. Qa6 R8c7 63. Rg2 R7c6 64. Qa4 Rc7 65. Rh2 R7c4 66.
Qe8 Rc8 67. Qe4 R8c4 68. Qb7 Rc7 69. Qb4 R7c4 70. Qa3 Kh6 71. Rg2 Rc7 72. Qe3+
Kh7 73. h6 Rc8 74. Qe4 R8c4 75. hxg7 Bxg7 76. Rh2+ Bh6 77. Qe8 Rc7 78. Qe3 R1c6
79. Qd4 Ra6+ 80. Kb3 Rb7+ 81. Kc3 Rc6+ 82. Kd3 Rcb6 83. Kc2 Rc7+ 84. Kd3 Rcb7
85. Rc2 Rb3+ 86. Ke2 Re7+ 87. Kd1 Rbe3 88. Rh2 Re1+ 89. Kc2 Rc1+ 90. Kb3 Rb7+
91. Ka2 Rcc7 92. b4 Rc6 93. f6 Ra6+ 94. Kb3 Kg6 95. Qe4+ 1-0

[Event "111th YMCA Autumn A"]
[Site "Warszawa"]
[Date "2012.10.07"]
[Round "6"]
[White "Safanowski, Tomasz"]
[Black "Bernacki, Gabriel"]
[Result "1-0"]
[WhiteElo "1912"]
[BlackElo "1920"]
[PlyCount "47"]
[EventDate "2012.09.20"]
[EventType "tourn"]
[EventRounds "1"]
[EventCountry "POL"]
[SourceDate "2012.09.20"]

1. f4 d5 2. Nf3 Bg4 3. e3 e6 4. b3 c5 5. Bb2 Nc6 6. Be2 f6 7. O-O Qd7 8. c4 Bd6
9. Nc3 Nge7 10. d4 O-O 11. cxd5 Nxd5 12. Nxd5 exd5 13. Ne5 Nxe5 14. dxe5 Bxe2
15. Qxe2 fxe5 16. fxe5 Bc7 17. e4 b6 18. exd5 Qxd5 19. Kh1 Rxf1+ 20. Rxf1 Rd8
21. e6 Re8 22. Rf7 Qg5 23. Qf1 Bd8 24. Rxg7+ 1-0

[Event "111th YMCA Autumn A"]
[Site "Warszawa"]
[Date "2012.10.25"]
[Round "6"]
[White "Sujkowski, Pawel"]
[Black "Sielicki, Tomasz"]
[Result "1/2-1/2"]
[WhiteElo "1992"]
[BlackElo "2011"]
[Annotator "Admin"]
[PlyCount "46"]
[EventDate "2012.09.20"]
[EventType "tourn"]
[EventRounds "1"]
[EventCountry "POL"]
[SourceDate "2012.09.20"]

1. e4 e5 2. Nf3 Nc6 3. Bb5 a6 4. Bxc6 dxc6 5. O-O Bg4 6. h3 Bh5 7. g4 Bg6 8.
Nxe5 Bd6 9. Nxg6 hxg6 10. Qf3 Qh4 11. Kg2 O-O-O 12. d3 f5 13. gxf5 Nh6 14. Bxh6
Rxh6 15. Qg4 gxf5 16. Qxh4 Rxh4 17. Nc3 Be5 18. exf5 Rf8 19. Rae1 Rxf5 20. Re4
Rg5+ 21. Kf3 Rxh3+ 22. Ke2 Bxc3 23. bxc3 Kd7 $11 1/2-1/2

[Event "111th YMCA Autumn A"]
[Site "Warszawa"]
[Date "2012.10.25"]
[Round "6"]
[White "Rytarowski, Kamil"]
[Black "Rozowski, Marcin"]
[Result "1/2-1/2"]
[WhiteElo "1993"]
[BlackElo "1926"]
[Annotator "Admin"]
[PlyCount "138"]
[EventDate "2012.09.20"]
[EventType "tourn"]
[EventRounds "1"]
[EventCountry "POL"]
[SourceDate "2012.09.20"]

1. d4 d5 2. e4 dxe4 3. Nc3 Nf6 4. f3 e3 5. Bxe3 e6 6. Bd3 Bb4 7. Nge2 Nbd7 8.
O-O O-O 9. a3 Be7 10. Qe1 Nd5 11. Nxd5 exd5 12. Nc3 Nf6 13. Qh4 c6 14. Rae1 Ne4
15. Qh5 g6 16. Qh6 Nxc3 17. bxc3 Bf6 18. f4 Bg7 19. Qg5 Qxg5 20. fxg5 Be6 21.
Rb1 b5 22. Bf4 Rfe8 23. a4 a6 24. Bd6 Bg4 25. Kf2 Bf8 26. Bxf8 Kxf8 27. h3 Bd7
28. a5 Rac8 29. Rbe1 c5 30. Rxe8+ Kxe8 31. Re1+ Kf8 32. Re5 Be6 33. Ke3 c4 34.
Be2 Ke7 35. Kd2 Rb8 36. Re3 b4 37. Bf3 Kd6 38. cxb4 Rxb4 39. Ra3 Bf5 40. Kc3
Rb1 41. Ra2 Kc6 42. Ra4 Kb5 43. Ra2 Be6 44. Kd2 Rb4 45. Ke3 Ra4 46. Rb2+ Kxa5
47. Kf4 c3 48. Rb3 Rxd4+ 49. Ke5 Rd2 50. Rxc3 d4 51. Rc6 Kb5 52. Rd6 Rxc2 53.
Rxd4 Rc5+ 54. Kf6 Rf5+ 55. Kg7 Rxg5 56. Kxh7 a5 57. Kg7 Re5 58. Kf6 Re1 59. Bd1
Bc4 60. Ba4+ Kc5 61. Rd7 Re2 62. Rc7+ Kb4 63. Bc6 Re6+ 64. Kg7 Rd6 65. Be8 a4
66. Bxa4 Bd5 67. Rd7 Rxd7 68. Bxd7 Bxg2 69. Kxf7 Bxh3 $11 1/2-1/2

[Event "111th YMCA Autumn A"]
[Site "Warszawa"]
[Date "2012.09.20"]
[Round "7"]
[White "Rozowski, Marcin"]
[Black "Grabowicz, Marcin"]
[Result "0-1"]
[WhiteElo "1926"]
[BlackElo "1895"]
[PlyCount "52"]
[EventDate "2012.09.20"]
[EventType "tourn"]
[EventRounds "1"]
[EventCountry "POL"]
[SourceDate "2012.09.20"]

1. e4 d5 2. exd5 Qxd5 3. Nc3 Qa5 4. d4 Nf6 5. Nf3 Bf5 6. Bc4 e6 7. Bd2 c6 8.
Nd5 Qd8 9. Nxf6+ gxf6 10. O-O Nd7 11. Re1 Nb6 12. Bb3 Qc7 13. Nh4 Bg6 14. Bxe6
fxe6 15. Rxe6+ Kf7 16. Qe2 Bd6 17. Re1 Qd7 18. Bf4 Be5 19. Rxe5 fxe5 20. Bxe5
Rhf8 21. Qe3 Kg8 22. Qh6 Qf7 23. f4 Nc4 24. f5 Nxe5 25. dxe5 Bxf5 26. Rf1 Qd7
0-1

[Event "111th YMCA Autumn A"]
[Site "Warszawa"]
[Date "2012.11.09"]
[Round "7"]
[White "Sielicki, Tomasz"]
[Black "Rytarowski, Kamil"]
[Result "0-1"]
[WhiteElo "2011"]
[BlackElo "1993"]
[PlyCount "124"]
[EventDate "2012.09.20"]
[EventType "tourn"]
[EventRounds "1"]
[EventCountry "POL"]
[SourceDate "2012.09.20"]

1. d4 Nf6 2. Bg5 c5 3. Bxf6 gxf6 4. d5 d6 5. c3 f5 6. e3 Qb6 7. Qc2 e5 8. Nd2
Rg8 9. Ne2 Be7 10. Ng3 e4 11. f3 exf3 12. gxf3 c4 13. Nxc4 Qc5 14. O-O-O b5 15.
b4 Qc7 16. Na5 a6 17. Bd3 Bf6 18. Kb2 Nd7 19. Rhg1 Nb6 20. Ne2 Rxg1 21. Rxg1
Nxd5 22. Nd4 Kf8 23. Qd2 Be6 24. Nac6 Rc8 25. Rc1 Nb6 26. Nxe6+ fxe6 27. Nd4
Na4+ 28. Kb3 Kf7 29. Rc2 Nb6 30. e4 f4 31. Ne2 Bg5 32. h4 Bh6 33. Nd4 Nc4 34.
Bxc4 Qxc4+ 35. Kb2 Rg8 36. Qe2 Qc7 37. Kb3 Bg7 38. Qd2 Qc4+ 39. Kb2 Be5 40. Qe2
Rc8 41. Qxc4 Rxc4 42. Rd2 Bxd4 43. cxd4 Rxb4+ 44. Kc3 Rc4+ 45. Kd3 Rc1 46. d5
Re1 47. dxe6+ Kxe6 48. Rc2 Re3+ 49. Kd4 Rxf3 50. Rc7 Ra3 51. Rxh7 f3 52. Rh6+
Ke7 53. Rh7+ Kf6 54. Rh6+ Kg7 55. Rh5 f2 56. Rf5 Rxa2 57. Kd5 Rd2+ 58. Ke6 b4
59. Rf7+ Kg6 60. Rf5 b3 61. Rf6+ Kh5 62. Rf5+ Kxh4 0-1

[Event "111th YMCA Autumn A"]
[Site "Warszawa"]
[Date "2012.10.24"]
[Round "7"]
[White "Bernacki, Gabriel"]
[Black "Sujkowski, Pawel"]
[Result "0-1"]
[WhiteElo "1920"]
[BlackElo "1992"]
[PlyCount "84"]
[EventDate "2012.09.20"]
[EventType "tourn"]
[EventRounds "1"]
[EventCountry "POL"]
[SourceDate "2012.09.20"]

1. d4 Nf6 2. c4 c5 3. d5 e6 4. Nc3 exd5 5. cxd5 Bd6 6. Nf3 O-O 7. g3 Bc7 8. Bg2
d6 9. O-O Re8 10. Nd2 Nbd7 11. a4 a6 12. Qc2 Rb8 13. e4 b5 14. b3 Ne5 15. Nd1
Bb6 16. Bb2 Bd7 17. Nf3 Nxf3+ 18. Bxf3 Bh3 19. Re1 Nd7 20. axb5 axb5 21. Be2
Ba5 22. Bc3 Bxc3 23. Nxc3 b4 24. Nb5 Ne5 25. Ra6 Rxb5 26. Bxb5 Nf3+ 27. Kh1
Nxe1 28. Qe2 Rxe4 29. Qh5 Bg2+ 30. Kg1 Bf3 31. Qg5 Re8 32. Qd2 Bg4 33. Qf4 Nf3+
34. Kg2 Ne5 35. Bxe8 Qxe8 36. Rxd6 f6 37. Qe3 Qc8 38. f4 Bh3+ 39. Kg1 Qg4 40.
Kf2 Qd1 41. Qe2 Ng4+ 42. Kf3 Qh1+ 0-1

[Event "111th YMCA Autumn A"]
[Site "Warszawa"]
[Date "2012.08.17"]
[Round "7"]
[White "Pastuszko, Kinga"]
[Black "Safanowski, Tomasz"]
[Result "1-0"]
[WhiteElo "1895"]
[BlackElo "1912"]
[Annotator "Admin"]
[PlyCount "77"]
[EventDate "2012.09.20"]
[EventType "tourn"]
[EventRounds "1"]
[EventCountry "POL"]
[SourceDate "2012.09.20"]

1. e4 d6 2. d4 Nf6 3. Nc3 Nbd7 4. f4 e5 5. Nf3 c6 6. a4 exd4 7. Nxd4 Nc5 8. Bd3
Bg4 9. Nf3 d5 10. exd5 Qe7+ 11. Kf2 O-O-O 12. Re1 Nxd3+ 13. Qxd3 Qc7 14. h3
Bxf3 15. Qxf3 Nxd5 16. Nxd5 Rxd5 17. Be3 Kb8 18. Rad1 Rxd1 19. Rxd1 Bd6 20. Qe4
b6 21. Kf3 Rd8 22. Qxh7 g6 23. Qg7 Qe7 24. Qc3 Re8 25. Rd3 Qe4+ 26. Kf2 Bxf4
27. Qd4 Bxe3+ 28. Qxe3 Qh4+ $11 29. Qg3+ Qxg3+ 30. Rxg3 Kc7 31. Re3 Rxe3 32.
Kxe3 Kd6 33. Kf4 a6 34. h4 Ke6 35. Kg5 Ke5 36. g4 f5 37. gxf5 gxf5 38. h5 Ke6
39. h6 1-0

[Event "111th YMCA Autumn A"]
[Site "Warszawa"]
[Date "2012.10.12"]
[Round "7"]
[White "Rozycki, Bartlomiej"]
[Black "Szwaj, Jacek"]
[Result "1-0"]
[WhiteElo "1943"]
[BlackElo "1925"]
[PlyCount "71"]
[EventDate "2012.09.20"]
[EventType "tourn"]
[EventRounds "1"]
[EventCountry "POL"]
[SourceDate "2012.09.20"]

1. e4 c5 2. Nf3 d6 3. d4 cxd4 4. Nxd4 Nf6 5. Nc3 a6 6. f4 e5 7. Nf3 Nbd7 8. Bd3
Be7 9. O-O O-O 10. a4 Nc5 11. Kh1 d5 12. fxe5 Nfxe4 13. Bxe4 dxe4 14. Qxd8 Bxd8
15. Ng5 Re8 16. Nxf7 Rf8 17. Bg5 Bxg5 18. Nxg5 Bf5 19. Nd5 Rae8 20. Ne3 Rxe5
21. b4 h6 22. Nc4 Rd5 23. Ne3 Re5 24. g4 Bxg4 25. Rxf8+ Kxf8 26. Nh7+ Kg8 27.
Nxg4 Re6 28. bxc5 Kxh7 29. Ne3 Rc6 30. Rb1 Rxc5 31. Rxb7 Kg6 32. Re7 Rc3 33.
Rxe4 h5 34. Kg2 Kh6 35. Re6+ Kg5 36. Kf2 1-0

[Event "111th YMCA Autumn A"]
[Site "Warszawa"]
[Date "2012.10.29"]
[Round "7"]
[White "Harazinska, Ewa"]
[Black "Szefer, Michal"]
[Result "0-1"]
[WhiteElo "2009"]
[BlackElo "1981"]
[PlyCount "80"]
[EventDate "2012.09.20"]
[EventType "tourn"]
[EventRounds "1"]
[EventCountry "POL"]
[SourceDate "2012.09.20"]

1. d4 Nf6 2. c4 c5 3. d5 b5 4. Qc2 Na6 5. a3 e6 6. dxe6 fxe6 7. e4 bxc4 8. Bxc4
Nc7 9. e5 Nfd5 10. Bd3 Qh4 11. Bg6+ Kd8 12. Nf3 Qg4 13. Ng5 hxg6 14. Nf7+ Ke8
15. Nxh8 Ne7 16. Nd2 Bb7 17. Nc4 Nf5 18. Rg1 Nd4 19. Qd1 Nf3+ 20. gxf3 Qxg1+
21. Kd2 Qxd1+ 22. Kxd1 Bxf3+ 23. Kc2 Be4+ 24. Kb3 Rb8+ 25. Ka2 Bc2 26. Na5 Be7
27. Bd2 Kf8 28. Rc1 Be4 29. Rg1 g5 30. f3 Bc2 31. Bxg5 Bxg5 32. Rxg5 Rb5 33.
Rg2 Bd3 34. Rd2 c4 35. b4 Kg8 36. Ng6 Bxg6 37. Rxd7 Rxa5 38. bxa5 Nb5 39. Rb7
a6 40. Rxb5 axb5 0-1